2025 NBA Draft - Statistics

General Stats
  • This quiz has been taken 171 times
  • The average score is 25 of 59
Answer Stats
Draft # Team Pos Player % Correct
1 Mavericks SF Cooper Flagg
100%
5 Jazz SF Ace Bailey
96%
2 Spurs SG Dylan Harper
96%
4 Hornets SF Kon Knueppel
93%
3 76ers SG VJ Edgecombe
93%
7 Pelicans PG Jeremiah Fears
85%
8 Nets PG Egor Demin
80%
10 Suns C Khaman Maluach
80%
6 Wizards SG Tre Johnson
80%
13 Pelicans C Derik Queen
77%
11 Grizzlies SG Cedric Coward
71%
9 Raptors PF Collin Murray-Boyles
71%
12 Bulls PF Noa Essengue
71%
14 Spurs PF Carter Bryant
70%
16 Trailblazers C Yang Hansen
67%
27 Nets PF Danny Wolf
65%
15 Thunder PF Thomas Sorber
60%
26 Nets SG Ben Saraf
51%
18 Jazz PG Walter Clayton Jr
51%
19 Nets PG Nolan Traore
50%
28 Celtics SG Hugo Gonzalez
49%
20 Heat SG Kasparas Jakucionis
48%
34 Hornets C Ryan Kalkbrenner
46%
56 Warriors SG Will Richard
45%
17 Timberwolves C Joan Beringer
42%
23 Hawks PF Asa Newell
39%
22 Nets SG Drake Powell
39%
29 Hornets SF Liam McNeeley
38%
33 Hornets SG Sion James
38%
21 Wizards SF Will Riley
38%
25 Magic SG Jase Richardson
36%
24 Kings SG Nique Clifford
35%
30 Clippers C Yanic Konan Niederhauser
35%
42 Kings PF Maxime Raynaud
31%
36 Lakers PF Adou Thiero
30%
38 Pacers SG Kam Jones
30%
31 Suns PF Rasheer Fleming
30%
35 76ers PF Johni Broome
29%
32 Magic SF Noah Penda
25%
49 Cavaliers PG Tyrese Proctor
25%
46 Celtics C Amari Williams
24%
37 Pistons SG Chaz Lanier
22%
41 Suns SG Koby Brea
19%
51 Knicks SF Mohamed Diawara
19%
44 Thunder SG Brooks Barnhizer
18%
39 Raptors SG Alijah Martin
17%
45 Timberwolves C Rocco Zikarsky
16%
54 Pacers SG Taelon Peter
16%
40 Pelicans SG Micah Peavy
15%
48 Grizzlies PG Javon Small
14%
52 Warriors PF Alex Toohey
12%
50 Clippers SG Kobe Sanders
11%
59 Grizzlies SG Jahmai Mashack
10%
43 Wizards SG Jamir Watkins
10%
55 Bulls PF Lachlan Olbrich
10%
53 Jazz SG John Tonje
9%
47 Bucks PF Bogoljub Markovic
8%
57 Celtics SG Max Shulga
8%
58 Cavaliers SF Saliou Niang
8%
No matching quizzes found
Score Distribution
Percent of People with Each Score
Percentile by Number Answered
Your Score History
You have not taken this quiz